Queer cowboys (Record no. 2722)

MARC details
000 -LEADER
fixed length control field 00602 a2200169 4500
001 - CONTROL NUMBER
control field 069112
003 - CONTROL NUMBER IDENTIFIER
control field OSt
005 - DATE AND TIME OF LATEST TRANSACTION
control field 20220409130942.0
008 - FIXED-LENGTH DATA ELEMENTS--GENERAL INFORMATION
fixed length control field
082 ## - DEWEY DECIMAL CLASSIFICATION NUMBER
Classification number 810.9352664
Item number P12Q
100 1# - MAIN ENTRY--PERSONAL NAME
Personal name Packard, Chris
245 1# - TITLE STATEMENT
Title Queer cowboys
Statement of responsibility, etc by Chris Packard
260 ## - PUBLICATION, DISTRIBUTION, ETC. (IMPRINT)
Place of publication, distribution, etc New York
Name of publisher, distributor, etc Palgrave Macmillan
Date of publication, distribution, etc 2006
300 ## - PHYSICAL DESCRIPTION
Extent 144p.
653 ## - INDEX TERM--UNCONTROLLED
Uncontrolled term Male homosexuality in literature; American literature; Male friendship in literature; Sexual orientation in literature; United States; Homosexuality and literature; Cowboys in literature; Sex in literature
942 ## - ADDED ENTRY ELEMENTS (KOHA)
Source of classification or shelving scheme Dewey Decimal Classification
Koha item type Books
Holdings
Withdrawn status Lost status Source of classification or shelving scheme Damaged status Not for loan Collection code Home library Current library Date acquired Source of acquisition Cost, normal purchase price Total Checkouts Full call number Barcode Date last seen Date checked out Price effective from Koha item type
    Dewey Decimal Classification     General Text Book Central University Of Rajasthan Central University Of Rajasthan 07/03/2012 ENG 1087.82 2 810.9352664 P12Q 3399 15/10/2025 08/10/2025 02/09/2020 Books